Todos os Brawlers do Brawl Stars - Statistics

Estatísticas Gerais
  • Esse quiz foi jogado 65 vezes
  • A pontuação média é 69 de 95
Estatísticas das Respostas
Raridade Brawler % Correto
Inicial Shelly
100%
Raro Colt
97%
Raro Nita
97%
Raro Bull
93%
Lendário Corvo
93%
Lendário Leon
93%
Lendário Spike
93%
Épico Bo
90%
Mítico Buzz
90%
Épico Piper
90%
Raro Rosa
90%
Raro Barley
86%
Raro El Primo
86%
Ultralendário Kaze
86%
Lendário Kit
86%
Super-Raro Rico
86%
Épico Bea
83%
Raro Brock
83%
Épico Edgar
83%
Épico Emz
83%
Super-Raro Jessie
83%
Épico Mandy
83%
Mítico Mortis
83%
Raro Poco
83%
Lendário Wattson
83%
Épico Bibi
79%
Lendário Draco
79%
Épico Frank
79%
Super-Raro Gus
79%
Lendário Kenji
79%
Épico Pam
79%
Super-Raro Penny
79%
Épico Stu
79%
Mítico Tara
79%
Super-Raro Dynamike
76%
Épico Hank
76%
Mítico Juju
76%
Lendário Meg
76%
Super-Raro Tick
76%
Super-Raro 8-bit
72%
Mítico Alli
72%
Épico Bonnie
72%
Épico Colette
72%
Lendário Cordelius
72%
Super-Raro Darryl
72%
Mítico Doug
72%
Mítico Fang
72%
Épico Gale
72%
Mítico Janet
72%
Mítico Mico
72%
Lendário Sandy
72%
Lendário Amber
69%
Épico Berry
69%
Mítico Buster
69%
Lendário Chester
69%
Mítico Eugênio
69%
Épico Larry e Lawrie
69%
Mítico Lumi
69%
Épico Nani
69%
Épico Sam
69%
Épico Belle
66%
Super-Raro Jacky
66%
Mítico Lily
66%
Mítico Max
66%
Épico Pearl
66%
Mítico Willow
66%
Temporário Buzz Lightyear
62%
Super-Raro Carl
62%
Mítico Charlie
62%
Mítico Gray
62%
Épico Grom
62%
Mítico Lou
62%
Mítico Mister P
62%
Mítico Ollie
62%
Mítico Otis
62%
Épico Shade
62%
Mítico Sprout
62%
Épico Angelo
59%
Épico Ash
59%
Mítico Clancy
59%
Mítico Eve
59%
Mítico Jae-yong
59%
Épico Maisie
59%
Épico Meeple
59%
Mítico Melodie
59%
Mítico Moe
59%
Mítico R-T
59%
Épico Trunk
59%
Mítico Byron
55%
Mítico Chuck
55%
Épico Lola
55%
Épico Griff
52%
Mítico Squeak
52%
Mítico Finx
48%
Mítico Ruffs
41%
Nenhum quiz correspondente encontrado
Distribuição das Pontuações
Porcentagem de Pessoas com Cada Pontuação
Percentil de Números Respondidos
Sua Pontuação Histórica
Você não jogou esse quiz